Technology valuation solutions
Gardado en:
| Autor Principal: | |
|---|---|
| Formato: | Libro |
| Idioma: | Undetermined |
| Publicado: |
Hoboken, New Jersey
John Wiley & Sons, Inc.
2004
|
| Những chủ đề: | |
| Các nhãn: |
Engadir etiqueta
Sen Etiquetas, Sexa o primeiro en etiquetar este rexistro!
|
| Thư viện lưu trữ: | Trung tâm Học liệu Trường Đại học Cần Thơ |
|---|
| LEADER | 00582nam a2200205Ia 4500 | ||
|---|---|---|---|
| 001 | CTU_130811 | ||
| 008 | 210402s9999 xx 000 0 und d | ||
| 020 | |c 89.95 | ||
| 082 | |a 658.57 | ||
| 082 | |b B672 | ||
| 100 | |a Boer, F. Peter | ||
| 245 | 0 | |a Technology valuation solutions | |
| 245 | 0 | |c F. Peter Boer | |
| 260 | |a Hoboken, New Jersey | ||
| 260 | |b John Wiley & Sons, Inc. | ||
| 260 | |c 2004 | ||
| 650 | |a Research, Industrial,Research, Industrial | ||
| 650 | |x Evaluation,Cost effectiveness | ||
| 904 | |i Giang | ||
| 980 | |a Trung tâm Học liệu Trường Đại học Cần Thơ | ||